NHL Teams by State and Province - Statistics

General Stats
  • This quiz has been taken 45 times
  • The average score is 28 of 32
Answer Stats
Team Location % Correct
Minnesota Wild Minnesota
97%
Utah Hockey Club Utah
97%
San Jose Sharks California
95%
Vegas Golden Knights Nevada
95%
Anaheim Ducks California
92%
Los Angeles Kings California
92%
Colorado Avalanche Colorado
92%
Florida Panthers Florida
92%
New York Islanders New York
92%
New York Rangers New York
92%
Dallas Stars Texas
92%
Seattle Kraken Washington
92%
Tampa Bay Lightning Florida
90%
New Jersey Devils New Jersey
90%
Calgary Flames Alberta
87%
Chicago Blackhawks Illinois
87%
Carolina Hurricanes North Carolina
87%
Montréal Canadiens Québec
87%
Edmonton Oilers Alberta
85%
Nashville Predators Tennessee
85%
Vancouver Canucks British Columbia
82%
Detroit Red Wings Michigan
82%
Buffalo Sabres New York
82%
St. Louis Blues Missouri
79%
Columbus Blue Jackets Ohio
79%
Philadelphia Flyers Pennsylvania
79%
Ottawa Senators Ontario
77%
Toronto Maple Leafs Ontario
77%
Pittsburgh Penguins Pennsylvania
77%
Boston Bruins Massachusetts
74%
Washington Capitals District of Columbia
72%
Winnipeg Jets Manitoba
72%
No matching quizzes found
Score Distribution
Percent of People with Each Score
Percentile by Number Answered
Your Score History
You have not taken this quiz